| 000 | 01118cam a2200217 4500 | ||
|---|---|---|---|
| 001 | WB3941-05 | ||
| 008 | 031029n2003 000 0 eng u | ||
| 035 | _a(Sirsi) u124142 | ||
| 245 | _aBusiness demand shows vital signs | ||
| 260 | _c2003 | ||
| 490 |
_aRICS Press Release _v(pr100) 28 October 2003 (2) |
||
| 520 | _aBusiness demand for commercial property has stablised after nine quarters of decline says the latest "RICS commercial property survey, quarter 3, 2003". A recovery in economic activity has signalled a levelling off in occupier demand for both office and retail property, including the key London office market. http://www.rics.org/ricscms/bin/show?class=MarketSurvey&template=/includes/showmarketsurvey.html&id=69 | ||
| 590 | _aWB | ||
| 650 | _aOCCUPIER DEMAND | ||
| 650 | _aPROPERTY-COMMERCIAL PROPERTY-OFFICE PROPERTY-OFFICE PROPERTY MARKET | ||
| 650 | _aPROPERTY-COMMERCIAL PROPERTY-RETAIL PROPERTY-RETAIL PROPERTY MARKET | ||
| 650 | _aECONOMIC RECOVERY | ||
| 650 | _aRICS COMMERCIAL PROPERTY SURVEY | ||
| 690 | _aPROPERTY-COMMERCIAL PROPERTY-COMMERCIAL PROPERTY MARKET | ||
| 942 | _n0 | ||
| 999 |
_c73679 _d73679 |
||